1375 1410 1116 1316 1134 1435 1049 1715 1168 1476 1363 1192 1583 1668 1529 1974 1958 1625 1632 1887 1386 1708 1468 1486 1253 1135 1306 1705 1444 1633 1464 1878 1991 1495 1443 1388 1704 1266 1519 1808 1714 1389 1272 1910 1467 1690 1150 1352 1069 1764 1228 1343 1248 1102 1360 1541 1855 1095 1024 1844 1547 1423 1100 1838 1621 1684 1753 1780 1635 1769 1794 1070 1239 1775 1169 1756 1151 1413 1954 1422 1853 1424 1132 1607 1086 1763 1685 1528 1999 1189 1921 1884 1123 1324 1548 1652 1853 1006 1280 BCNSPRNW ULIB Ver.6.0+V

เปลี่ยนเป็นภาษาไทย

Change to English
 แสดงรายละเอียดบรรณานุกรม
  กลับหน้าหลัก

Brief Record : Get Marc (ISO 2709) : E-mail record : QR code < ปิดหน้าต่าง
LEADER : 00000nam 2200000uu 4500
001    13399122503
003     ULIB
008    130709s2552||||th 000 0 tha d
020    ^a9786117010330
090    ^aนว.^bพ572ฟ
100 0  ^aเพลงมีนา
245 00 ^aไฟรักบัลลังก์ฟาโรห์/^cเพลงมีนา
250    ^aพิมพ์ครั้งที่ 1
260    ^aกรุงเทพฯ :^bนกฮูก,^c2552
300    ^a198 หน้า
710 1  ^aนกฮูก
945    ^p157^l0^i19962
995    ^aทศพร
999    ^aทศพร เกษรทอง
รายการนี้ยังไม่มีแท็ก
คุณยังไม่ได้ล็อกอิน คุณสามารถมีกิจกรรมร่วมกับเว็บไซต์ได้ แต่ต้องล็อกอินก่อน ::
  ล็อกอิน

รายการสื่อสารสนเทศ

ลำดับที่ ประเภท เลขเรียก/บาร์โค้ด สถานที่ สถานะ
1. นวนิยาย
นวนิยาย
นว. พ572ฟ  
  Barcode: 19962
ห้องสมุดวิทยาเขตสวรรค์ประชารักษ์
►นวนิยาย
บนชั้น
  ขอยืม

BibComment


ยังไม่เคยถูกคอมเมนท์

คอมเมนท์ทรัพยากรรายการนี้
  คอมเมนท์: ไฟรักบัลลังก์ฟาโ..


 Copyright 2026. Bcnsprnw @Library